Vianočná knižka sa otvára

Bibliographic Details
Format: Article
Language:Slovak
PhysicalDescription:Fotogr.
ISSN:1335-4566
Subjects:

MARC

LEADER 00000nab a2200000 a 4500
001 vtls009453350
003 SK-MaSNL
005 20260304120554.0
008 081209c20081209xo drz 0 0slo
038 |a KEVKJB 
040 |a KEVKJB  |b slo  |c KEVKJB  |e AACR2 
041 0 |a slo 
044 |a xo  |c SK 
080 |a 027.52  |2 2001 
245 0 0 |a Vianočná knižka sa otvára  |c [autor] (jog) 
300 |b Fotogr. 
610 2 7 |a Knižnica pre mládež mesta Košice  |2 kevkjb  |9 32636 
611 2 7 |a Vianočná knižka sa otvára  |g cyklus podujatí  |d (2008 :  |c Košice, Slovensko)  |2 kevkjb  |9 1424653 
648 7 |a 2008  |2 kevkjb  |9 317238 
650 0 7 |a knižnice pre mládež  |2 kevkjb  |9 1004749 
651 7 |a Košice (Slovensko)  |2 kevkjb  |9 18694 
773 0 |t Košický Korzár  |g Roč. XI, č. 284 (9.12.2008), s. 4  |x 1335-4566 
852 |a KEVKJB  |b KIS3GCP 
958 |a KL 
999 |c 2880652  |d 2882582